00960cam a2200253 a 4500001001000000003000900010005001700019007000300036008004100039040002500080082002400105100004000129245006300169260003400232300002100266490004200287504005200329590002600381651009900407830004900506942001400555952012200569999001500691000007498DO-SdBNP20250318151710.0ta780309s1944 ag 000 0 spa d aDO-SdBNPbspacBNPHU 4a972.9302bM386d2221 aMártir Anglería, Pedro de,954310aDécadas del nuevo mundo /cPedro Mártir de Anglería  aBuenos Aires :bBajel,c1944. a675 p. ;c24 cm.1 aFuentes para la historia de América a"Bibliografía de Pedro Martir": p. xxiii-lii. aInventariado, 2020/VM 4aAmérica --xDescubrimiento y exploración --xEspañoles9544vEnsayo, conferencias, etc. 0aFuentes para la historia de América920823 2ddccLBS1 00102ddc51708PD-RVaBNPHUbBNPHUcHDd2009-09-08oBNPHU RV-GR 972.93 A587dp7498-10r2020-06-25w2020-06-25yLBS1 c7279d7279